Tục ngữ và thành ngữ người Thái Mương (ở Tương Dương, Nghệ An) : Song ngữ Thái - Việt. t.III /
Αποθηκεύτηκε σε:
| Κύριος συγγραφέας: | |
|---|---|
| Άλλοι συγγραφείς: | |
| Μορφή: | Sách giấy |
| Γλώσσα: | Vietnamese |
| Έκδοση: |
H. :
Sân khấu,
2016.
|
| Θέματα: | |
| Ετικέτες: |
Προσθήκη ετικέτας
Δεν υπάρχουν, Καταχωρήστε ετικέτα πρώτοι!
|
| Thư viện lưu trữ: | Thư viện Trường Đại học Đà Lạt |
|---|
| LEADER | 00957nam a2200337 4500 | ||
|---|---|---|---|
| 001 | DLU180183314 | ||
| 005 | ##20180119 | ||
| 020 | # | # | |a 9786049070808 |
| 040 | # | # | |a DLU |b vie |
| 041 | # | # | |a vie |
| 044 | # | # | |a vn |
| 082 | # | # | |a 398.209 597 |b TR-D |
| 100 | # | # | |a Trần Trí Dõi. |
| 245 | # | # | |a Tục ngữ và thành ngữ người Thái Mương (ở Tương Dương, Nghệ An) : Song ngữ Thái - Việt. |n t.III / |c Trần Trí Dõi, Vi Khăm Mun. |
| 260 | # | # | |a H. : |b Sân khấu, |c 2016. |
| 300 | # | # | |a 231 tr. ; |c 21 cm. |
| 650 | # | # | |a Tục ngữ Thái |z Việt Nam |z Nghệ An. |
| 650 | # | # | |a Thái (Dân tộc Đông Nam Á) |z Việt Nam |z Nghệ An |x Thành ngữ. |
| 700 | # | # | |a Vi Khăm Mun. |
| 923 | # | # | |a 01/2017 |
| 990 | # | # | |a t.III |
| 991 | # | # | |a SH |
| 992 | # | # | |a 9000 |
| 994 | # | # | |a DLU |
| 900 | # | # | |a True |
| 911 | # | # | |a Nguyễn Thanh Hương |
| 925 | # | # | |a G |
| 926 | # | # | |a A |
| 927 | # | # | |a SH |
| 980 | # | # | |a Thư viện Trường Đại học Đà Lạt |


